Портрет. От наскальных рисунков до звукового фильма

Λεπτομέρειες βιβλιογραφικής εγγραφής
Κύριος συγγραφέας: Андроникова М. И. Манана Ираклиевна
Γλώσσα:Ρωσικά
Έκδοση: Москва, Искусство, 1980
Θέματα:
Μορφή: Βιβλίο
KOHA link:https://koha.lib.tpu.ru/cgi-bin/koha/opac-detail.pl?biblionumber=317692

MARC

LEADER 00000nam0a2200000 4500
001 317692
005 20231102003012.0
035 |a (RuTPU)RU\TPU\book\343160 
090 |a 317692 
100 |a 20160412d1980 m y0rusy50 ca 
101 0 |a rus 
102 |a RU 
105 |a a z 001zy 
200 1 |a Портрет. От наскальных рисунков до звукового фильма  |f М. И. Андроникова,  
210 |a Москва  |c Искусство  |d 1980 
215 |a 423 с.  |c ил. 
320 |a Библиогр. в примеч. 
606 1 |a Портретная живопись  |2 stltpush  |3 (RuTPU)RU\TPU\subj\70538  |9 84775 
610 1 |a портреты 
610 1 |a рисунок 
610 1 |a человек 
610 1 |a изображение 
610 1 |a художественные средства 
610 1 |a изобразительное искусство 
610 1 |a кино 
675 |a 75.041  |v 4 
700 1 |a Андроникова  |b М. И.  |g Манана Ираклиевна 
801 1 |a RU  |b 63413507  |c 20160412 
801 2 |a RU  |b 63413507  |c 20160513  |g RCR 
942 |c BK